If You Leave Me- Niall Horan (All Lyrics) - Statistics

General Stats
  • This quiz has been taken 21 times
  • The average score is 207 of 262
Answer Stats
Hint Lyrics % Correct
a
100%
I
100%
me
100%
you
100%
Intro: If
90%
Chorus: if
90%
in
90%
just
90%
leave
90%
my
90%
be
80%
don't
80%
dream
80%
ever
80%
face
80%
go
80%
it
80%
know
80%
life
80%
oh
80%
on
80%
that
80%
the
80%
think
80%
to
80%
where
80%
who
80%
yeah
80%
your
80%
you're
80%
and
70%
any
70%
change
70%
completely
70%
Verse 2: i'm
70%
might
70%
other
70%
tell
70%
want
70%
way
70%
were
70%
at
60%
chase
60%
deep
60%
gone
60%
heart
60%
knees
60%
lose
60%
Verse 1: Met
60%
moonlight
60%
night
60%
sentencing
60%
stay
60%
this
60%
thought
60%
too
60%
up
60%
wanna
60%
would
60%
you'll
60%
around
50%
can't
50%
close
50%
daze
50%
for
50%
have
50%
here
50%
hope
50%
knees
50%
morning
50%
not
50%
of
50%
promise
50%
rest
50%
sleep
50%
street
50%
through
50%
was
50%
woke
50%
feelings
40%
going
40%
racin
40%
sea
40%
swimming
40%
these
40%
Bridge: waking
40%
they
30%
turned
30%
with
30%
foreign
20%
No matching quizzes found
Score Distribution
Percent of People with Each Score
Percentile by Number Answered
Your Score History
You have not taken this quiz